000
00466nam a2200133Ia 4500
008
100328s9999 xx 000 0 und d
082
_b
7089
100
_a
कदम राजाराम बाबुराव
245
_a
म्हातारपणचे चाळे
260
_b
आदर्श बुक डेपो
630
_a
म्हातारपणचे चाळे
730
_a
म्हातारपणचे चाळे
942
_c
BOOK
999
_c
502944
_d
502941